[Event "VIII Festival Hotel Petra A"]
[Site "Roma ITA"]
[Date "2007.11.01"]
[Round "4"]
[White "Tribuiani, Renato"]
[Black "Llopis De Aysa, Manuel"]
[Result "1-0"]
[WhiteElo "2096"]
[BlackElo "2230"]
[PlyCount "85"]
[EventDate "2007.10.29"]

1. d4 d6 2. e4 Nf6 3. Nc3 g6 4. Be2 Bg7 5. Be3 c6 6. h4 h5 7. Nh3 Bxh3 8. Rxh3
Nbd7 9. a4 Qa5 10. Kf1 e5 11. dxe5 dxe5 12. Bg5 O-O-O 13. Qb1 Qb4 14. Qa2 Nc5
15. Bxf6 Bxf6 16. Qxf7 Bxh4 17. Rxh4 Qxb2 18. Rb1 Qxc3 19. Qxg6 Rhf8 20. Qxh5
Qd4 21. Bf3 Nxa4 22. Qg4+ Kb8 23. Rh7 Nc5 24. Qg3 Qd7 25. Qxe5+ Qd6 26. Qxd6+
Rxd6 27. e5 Re6 28. Rh5 Rfe8 29. Re1 Rg6 30. Be4 Nxe4 31. Rxe4 Re7 32. g3 Kc7
33. Kg2 a5 34. g4 b5 35. Kg3 a4 36. f4 c5 37. f5 Ra6 38. Kf4 a3 39. Rh1 a2 40.
Ra1 Rh7 41. e6 Kd8 42. f6 Rh2 43. e7+ 1-0

[Event "VIII Festival Hotel Petra A"]
[Site "Roma ITA"]
[Date "2007.11.01"]
[Round "4"]
[White "Vuelban, Virgilio"]
[Black "Rossi, Aldo A."]
[Result "1-0"]
[WhiteElo "2399"]
[BlackElo "2204"]
[PlyCount "82"]
[EventDate "2007.10.29"]

1. e4 c6 2. c4 d6 3. d4 e5 4. Nc3 Nf6 5. Nf3 Nbd7 6. Be2 Be7 7. O-O O-O 8. Re1
Qc7 9. Bf1 Nb6 10. h3 Be6 11. b3 h6 12. Be3 Rfd8 13. Rc1 Bc8 14. Qc2 Nbd7 15.
d5 Nf8 16. b4 Ng6 17. g3 a5 18. a3 axb4 19. axb4 Bd7 20. Qb3 Rdb8 21. c5 Qd8
22. Nd2 Qf8 23. cxd6 Bxd6 24. b5 cxd5 25. exd5 Rc8 26. Nc4 Bc5 27. Na4 Bxe3 28.
Nxe3 Rxc1 29. Rxc1 Rc8 30. Rd1 Qd8 31. d6 Be6 32. Bc4 Nf8 33. Bxe6 Nxe6 34. Nf5
Ra8 35. Nc3 g6 36. Nxh6+ Kg7 37. Ng4 Nd4 38. Qb4 Nxg4 39. hxg4 Rc8 40. Ne4 Ne6
41. d7 Rc7 1-0

[Event "VIII Festival Hotel Petra A"]
[Site "Roma ITA"]
[Date "2007.11.01"]
[Round "4"]
[White "Zoldan, Matteo"]
[Black "Passerotti, Pierluigi"]
[Result "1-0"]
[WhiteElo "2143"]
[BlackElo "2320"]
[PlyCount "77"]
[EventDate "2007.10.29"]

1. c4 f5 2. Nc3 Nf6 3. g3 e5 4. Bg2 d6 5. e3 Nbd7 6. d4 c6 7. Nge2 Be7 8. b3
O-O 9. O-O Qe8 10. Ba3 Rf7 11. Qc2 Nf8 12. d5 c5 13. f4 Ng4 14. Qd2 Bf6 15. h3
Nh6 16. Rae1 Bd7 17. e4 exf4 18. Nxf4 Re7 19. Bb2 Rd8 20. Kh2 Be5 21. exf5 Nxf5
22. Ne4 Bc8 23. Bxe5 Rxe5 24. Nd3 Re7 25. g4 Nh4 26. Qg5 Nfg6 27. Ng3 h6 28.
Qd2 Nxg2 29. Qxg2 Ne5 30. Nf4 Bxg4 31. Ne4 h5 32. hxg4 Nxg4+ 33. Kg1 Rdd7 34.
Ne6 Qg6 35. Rf8+ Kh7 36. N4g5+ Qxg5 37. Nxg5+ Kg6 38. Rxe7 Rxe7 39. Ne6 1-0

[Event "VIII Festival Hotel Petra A"]
[Site "Roma ITA"]
[Date "2007.11.01"]
[Round "5"]
[White "Andreoni, Giuseppe"]
[Black "Ferri, Stefano"]
[Result "0-1"]
[WhiteElo "2009"]
[BlackElo "2178"]
[PlyCount "54"]
[EventDate "2007.10.29"]

1. e4 c6 2. d4 d5 3. Nc3 dxe4 4. Nxe4 Nd7 5. Ng5 Ngf6 6. Bc4 Nd5 7. Ne2 N7f6 8.
c3 h6 9. Nf3 Bf5 10. Ne5 e6 11. Ng3 Bh7 12. f4 Bd6 13. Qe2 O-O 14. O-O Qc7 15.
Bd2 Rac8 16. Rac1 a6 17. f5 b5 18. Bd3 c5 19. dxc5 Qxc5+ 20. Qf2 Qxf2+ 21. Rxf2
Bc5 22. h3 Bxf2+ 23. Kxf2 Rfd8 24. a4 Rb8 25. a5 Rbc8 26. Ne2 exf5 27. Nd4 Ne4+
0-1

[Event "VIII Festival Hotel Petra A"]
[Site "Roma ITA"]
[Date "2007.11.01"]
[Round "5"]
[White "Bove, Alessandro"]
[Black "Marta, Daniele"]
[Result "1/2-1/2"]
[WhiteElo "2195"]
[BlackElo "2073"]
[PlyCount "35"]
[EventDate "2007.10.29"]

1. d4 Nf6 2. c4 d6 3. Nc3 e5 4. dxe5 dxe5 5. Qxd8+ Kxd8 6. Nf3 Nfd7 7. g3 f6 8.
Bg2 c6 9. O-O Kc7 10. Be3 Bc5 11. Bxc5 Nxc5 12. b4 Ne6 13. Rab1 Nd7 14. Rfd1
Rd8 15. c5 Ndf8 16. Rxd8 Nxd8 17. Nd2 Bf5 18. Rd1 1/2-1/2

[Event "VIII Festival Hotel Petra A"]
[Site "Roma ITA"]
[Date "2007.11.01"]
[Round "5"]
[White "Caprio, Guido"]
[Black "Horvath, Csaba"]
[Result "0-1"]
[WhiteElo "2071"]
[BlackElo "2536"]
[PlyCount "50"]
[EventDate "2007.10.29"]

1. e4 c5 2. a3 e6 3. b4 d5 4. e5 Nc6 5. Nf3 d4 6. bxc5 Bxc5 7. Bd3 Nge7 8. O-O
b6 9. Re1 Bb7 10. a4 Nd5 11. Na3 g5 12. Re4 Nf4 13. Nc4 f5 14. exf6 Qxf6 15.
Ba3 Nb4 16. Bxb4 Bxb4 17. Re5 Nxg2 18. Nxg5 Nf4 19. Be4 Bxe4 20. Nxe4 Qg6+ 21.
Ng3 O-O 22. Rb1 Bc5 23. d3 h5 24. Kh1 h4 25. Qe1 Rae8 0-1

[Event "VIII Festival Hotel Petra A"]
[Site "Roma ITA"]
[Date "2007.11.01"]
[Round "5"]
[White "Castelfranchi, Carlo"]
[Black "Lava, Giovanni"]
[Result "0-1"]
[WhiteElo "2083"]
[BlackElo "2221"]
[PlyCount "78"]
[EventDate "2007.10.29"]

1. e4 c5 2. Nf3 e6 3. d4 cxd4 4. Nxd4 Nc6 5. Nc3 Qc7 6. Be3 a6 7. Be2 Nf6 8.
O-O Bb4 9. Na4 O-O 10. Nxc6 bxc6 11. Nb6 Rb8 12. Nxc8 Rfxc8 13. Bxa6 Rf8 14.
Bd3 Bd6 15. f4 e5 16. f5 Rxb2 17. g4 Qa5 18. g5 Ne8 19. Qh5 Bc5 20. Bxc5 Qxc5+
21. Kh1 f6 22. g6 h6 23. Qe2 d5 24. a4 Nd6 25. a5 Qd4 26. exd5 Qxd5+ 27. Qg2 e4
28. a6 exd3 29. Qxd5+ cxd5 30. a7 Ra8 31. cxd3 Kf8 32. Ra6 Ke7 33. Ra5 Rb5 34.
Ra6 Rb7 35. Ra5 Rbxa7 36. Re1+ Kd7 37. Rxd5 Ra1 38. Rxa1 Rxa1+ 39. Kg2 Kc6 0-1

[Event "VIII Festival Hotel Petra A"]
[Site "Roma ITA"]
[Date "2007.11.01"]
[Round "5"]
[White "Ciampi, Vincenzo"]
[Black "Parpinel, Marco"]
[Result "1-0"]
[WhiteElo "2095"]
[BlackElo "2137"]
[PlyCount "69"]
[EventDate "2007.10.29"]

1. e4 Nc6 2. Nf3 f5 3. exf5 d5 4. d4 Bxf5 5. Bb5 Qd6 6. Ne5 Nf6 7. O-O Nd7 8.
Bf4 Ncxe5 9. Bxe5 Qg6 10. Bxc7 Bxc2 11. Qd2 Rc8 12. Bg3 h5 13. h4 e6 14. Nc3
Bb4 15. Rac1 Bf5 16. Qe3 a6 17. Nxd5 O-O 18. Rxc8 axb5 19. Rxf8+ Bxf8 20. Nf4
Qf7 21. Re1 Bb4 22. Rc1 Nf6 23. Nd3 Nd5 24. Qe2 Bxd3 25. Qxd3 Qd7 26. Qg6 Bd2
27. Rc2 Bf4 28. Bxf4 Nxf4 29. Qe4 Nd5 30. Re2 Kf7 31. g3 g6 32. Qe5 Qc6 33. Re1
Nf6 34. Qf4 Kg7 35. Rc1 1-0

[Event "VIII Festival Hotel Petra A"]
[Site "Roma ITA"]
[Date "2007.11.01"]
[Round "5"]
[White "Corvi, Marco"]
[Black "Vuelban, Virgilio"]
[Result "1-0"]
[WhiteElo "2336"]
[BlackElo "2399"]
[PlyCount "27"]
[EventDate "2007.10.29"]

1. e4 e6 2. d3 d5 3. Nd2 c5 4. Ngf3 Nc6 5. g3 Nf6 6. Bg2 Be7 7. O-O O-O 8. Re1
b6 9. e5 Nd7 10. Qe2 Bb7 11. h4 Rc8 12. Nf1 d4 13. a3 Re8 14. N1h2 1-0

[Event "VIII Festival Hotel Petra A"]
[Site "Roma ITA"]
[Date "2007.11.01"]
[Round "5"]
[White "Di Lascio, Savino"]
[Black "Barlocco, Carlo"]
[Result "1-0"]
[WhiteElo "2004"]
[BlackElo "2134"]
[PlyCount "113"]
[EventDate "2007.10.29"]

1. Nf3 d5 2. g3 Bg4 3. Bg2 c6 4. d3 Nd7 5. O-O Ngf6 6. Nbd2 e5 7. e4 dxe4 8.
dxe4 Be7 9. Qe2 O-O 10. Nc4 Qc7 11. Ne3 Bh5 12. Nf5 Nc5 13. Nxe7+ Qxe7 14. Bg5
Ne6 15. Qe3 Rfd8 16. c3 Bxf3 17. Bxf6 Qxf6 18. Bxf3 Qg5 19. Qxg5 Nxg5 20. Bg2
Rd2 21. f4 exf4 22. gxf4 Ne6 23. f5 Nc5 24. Rf2 Rad8 25. b3 Rxf2 26. Kxf2 Rd2+
27. Kg1 Nd3 28. a4 Kf8 29. b4 Ke7 30. b5 c5 31. a5 Rb2 32. e5 Rxb5 33. f6+ gxf6
34. exf6+ Kxf6 35. Be4 Nf4 36. Rf1 Ke5 37. Re1 Kf6 38. Rf1 Kg5 39. Bxh7 Rxa5
40. Re1 Ng6 41. Bg8 f5 42. Kf2 Ra2+ 43. Bxa2 Kf4 44. Re6 Ne5 45. Re7 Nd3+ 46.
Kf1 b5 47. Rxa7 c4 48. Bb1 Ke3 49. Ra2 Nc1 50. Rc2 Nb3 51. Re2+ Kf3 52. Bxf5
Nc1 53. Rc2 Nb3 54. h4 b4 55. cxb4 Nd4 56. Rf2+ Kg3 57. h5 1-0

[Event "VIII Festival Hotel Petra A"]
[Site "Roma ITA"]
[Date "2007.11.01"]
[Round "5"]
[White "Guidi, Maurizio"]
[Black "Ibba, Isacco"]
[Result "0-1"]
[WhiteElo "2078"]
[BlackElo "2202"]
[PlyCount "108"]
[EventDate "2007.10.29"]

1. e4 Nf6 2. Nc3 d5 3. exd5 Nxd5 4. d4 Bf5 5. Nf3 Nb4 6. Bb5+ c6 7. Ba4 e6 8.
O-O Bd6 9. Qe2 O-O 10. Ne4 Qc7 11. Nxd6 Qxd6 12. Rd1 h6 13. Ne5 Nd7 14. c3 Nd5
15. c4 N5f6 16. c5 Qc7 17. Bf4 Nd5 18. Bg3 Nxe5 19. Bxe5 Qa5 20. Bb3 Ne7 21.
Bd6 Rfe8 22. Rac1 Qd8 23. g4 Bg6 24. Rc3 Nd5 25. Rg3 Qh4 26. Kh1 Nf6 27. f3
Rad8 28. Rdg1 Nd5 29. g5 h5 30. Qd2 Ne7 31. Qg2 Nf5 32. Rh3 Qxd4 33. Rd1 Qb4
34. Qd2 Qxd2 35. Rxd2 Nxd6 36. cxd6 Rd7 37. f4 Be4+ 38. Kg1 g6 39. Bd1 Red8 40.
Rb3 Rxd6 41. Rxd6 Rxd6 42. Bf3 b6 43. Kf2 Rd2+ 44. Kg3 c5 45. h4 Rd3 46. Rxd3
Bxd3 47. Kf2 Kf8 48. Ke3 Bb1 49. a3 Ke7 50. Bc6 Ba2 51. Ke4 Kd6 52. Be8 Bd5+
53. Ke3 e5 54. f5 Ke7 0-1

[Event "VIII Festival Hotel Petra A"]
[Site "Roma ITA"]
[Date "2007.11.01"]
[Round "5"]
[White "Hanly, Steven"]
[Black "Gerardi, Saverio"]
[Result "1-0"]
[WhiteElo "1998"]
[BlackElo "2156"]
[PlyCount "103"]
[EventDate "2007.10.29"]

1. d4 d5 2. Nf3 Nf6 3. e3 e6 4. Bd3 c5 5. b3 Nc6 6. Bb2 b6 7. Nbd2 Bb7 8. O-O
Be7 9. a3 O-O 10. Ne5 Nxe5 11. dxe5 Ne4 12. Nxe4 dxe4 13. Bc4 a6 14. a4 Qxd1
15. Rfxd1 Bc6 16. Be2 Ra7 17. c4 Rb8 18. Bc3 Kf8 19. Rd2 Ke8 20. Kf1 Rab7 21.
Rc2 b5 22. cxb5 axb5 23. a5 Bd5 24. Rb2 b4 25. Be1 f5 26. f4 Kd7 27. g4 g6 28.
Kg2 Ra7 29. Kh3 Bd8 30. a6 Kc6 31. Bh4 Bb6 32. Be1 Rg8 33. Rc1 Kd7 34. Bb5+ Ke7
35. Bh4+ Kf7 36. Rd1 h6 37. gxf5 gxf5 38. Be2 Rc8 39. Bh5+ Kf8 40. Rg1 Rg7 41.
Rxg7 Kxg7 42. Rg2+ Kf8 43. Rg6 Bd8 44. Rxh6 Kg7 45. Rg6+ Kh7 46. Bf6 Bxf6 47.
exf6 Bxb3 48. Rg7+ Kh6 49. Kh4 Rf8 50. Rg6+ Kh7 51. Rg7+ Kh8 52. Bf7 1-0

[Event "VIII Festival Hotel Petra A"]
[Site "Roma ITA"]
[Date "2007.11.01"]
[Round "5"]
[White "Korneev, Oleg"]
[Black "Burmakin, Vladimir"]
[Result "1/2-1/2"]
[WhiteElo "2587"]
[BlackElo "2593"]
[PlyCount "30"]
[EventDate "2007.10.29"]

1. e4 c6 2. d4 d5 3. Nd2 dxe4 4. Nxe4 Bf5 5. Ng3 Bg6 6. h4 h6 7. Nf3 Nd7 8. h5
Bh7 9. Bd3 Bxd3 10. Qxd3 e6 11. Bd2 Qc7 12. O-O-O O-O-O 13. Ne4 Ngf6 14. g3
Nxe4 15. Qxe4 Bd6 1/2-1/2

[Event "VIII Festival Hotel Petra A"]
[Site "Roma ITA"]
[Date "2007.11.01"]
[Round "5"]
[White "Lazic, Miroljub"]
[Black "Scalcione, Michelangelo"]
[Result "1-0"]
[WhiteElo "2492"]
[BlackElo "2357"]
[PlyCount "79"]
[EventDate "2007.10.29"]

1. d4 d6 2. e4 Nf6 3. Nc3 e5 4. Nge2 Be7 5. g3 O-O 6. Bg2 Nbd7 7. h3 c6 8. a4
b6 9. O-O a6 10. g4 Ne8 11. f4 Bb7 12. Be3 Nc7 13. Qd2 Ne6 14. fxe5 dxe5 15. d5
Nd4 16. Nxd4 exd4 17. Bxd4 c5 18. d6 Bg5 19. Be3 Bxe3+ 20. Qxe3 Ne5 21. Rad1
Kh8 22. a5 Nc4 23. Qe2 b5 24. e5 Bxg2 25. Kxg2 Nxb2 26. Rd5 Qxa5 27. Ne4 Qa2
28. Rxc5 Na4 29. Rc7 Qd5 30. Qd3 Nb6 31. Rcxf7 Kg8 32. Qxd5 Nxd5 33. Rxf8+ Rxf8
34. Rxf8+ Kxf8 35. Kf3 a5 36. Nc5 a4 37. e6 Nb6 38. Nd7+ Ke8 39. Nxb6 a3 40.
Nd5 1-0

[Event "VIII Festival Hotel Petra A"]
[Site "Roma ITA"]
[Date "2007.11.01"]
[Round "5"]
[White "Llopis De Aysa, Manuel"]
[Black "Pienabarca, Nicola"]
[Result "1/2-1/2"]
[WhiteElo "2230"]
[BlackElo "2075"]
[PlyCount "44"]
[EventDate "2007.10.29"]

1. d4 Nf6 2. Bg5 Ne4 3. Bf4 d5 4. e3 g6 5. Bd3 Bg7 6. Bxe4 dxe4 7. Nd2 e5 8.
Bxe5 Bxe5 9. dxe5 Qd5 10. Nb3 Qxe5 11. Qd4 Nc6 12. Qxe5+ Nxe5 13. O-O-O O-O 14.
h3 b6 15. Ne2 Bb7 16. Rd2 Rac8 17. Nc3 Rfd8 18. Rhd1 Rxd2 19. Rxd2 Nc4 20. Rd4
Nd6 21. Nd5 Nf5 22. Rd2 Kf8 1/2-1/2

[Event "VIII Festival Hotel Petra A"]
[Site "Roma ITA"]
[Date "2007.11.01"]
[Round "5"]
[White "Marotta, Michele"]
[Black "Stips, Felix"]
[Result "1-0"]
[WhiteElo "2012"]
[BlackElo "2061"]
[PlyCount "101"]
[EventDate "2007.10.29"]

1. e4 c5 2. Nc3 Nc6 3. g3 g6 4. Bg2 Bg7 5. d3 e6 6. Be3 d6 7. Qd2 Rb8 8. Nf3
Nd4 9. Bxd4 cxd4 10. Nb5 Qb6 11. Qb4 Ke7 12. e5 a6 13. Qxd6+ Qxd6 14. Nxd6 Nh6
15. O-O Bd7 16. Nc4 b5 17. Na5 Rbc8 18. Nxd4 Bxe5 19. Nac6+ Kd6 20. Nxe5 Kxe5
21. c3 Kf6 22. f4 Nf5 23. Nxf5 Kxf5 24. Rfe1 Bc6 25. Re5+ Kf6 26. Rc5 Bxg2 27.
Rxc8 Rxc8 28. Kxg2 Rd8 29. Rd1 Ke7 30. Kf3 h5 31. Ke3 Kd6 32. Rd2 Kc5 33. b4+
Kc6 34. c4 f6 35. a4 bxc4 36. dxc4 Rb8 37. Rb2 a5 38. b5+ Kc5 39. b6 Kxc4 40.
Rb5 Rb7 41. Ke4 Kc3 42. h3 Kc4 43. g4 hxg4 44. hxg4 f5+ 45. gxf5 exf5+ 46. Ke5
Kd3 47. Kf6 Ke4 48. Kxg6 Kxf4 49. Rxf5+ Ke4 50. Rb5 Kd4 51. Kf5 1-0

[Event "VIII Festival Hotel Petra A"]
[Site "Roma ITA"]
[Date "2007.11.01"]
[Round "5"]
[White "Palermo, Stefano"]
[Black "Colombo, Paolo"]
[Result "1-0"]
[WhiteElo "2071"]
[BlackElo "2147"]
[PlyCount "65"]
[EventDate "2007.10.29"]

1. e4 d6 2. d4 Nf6 3. Nc3 c6 4. f4 Qa5 5. Bd3 e5 6. dxe5 dxe5 7. Nf3 Nbd7 8.
O-O Bd6 9. Qe2 O-O 10. Bd2 Qc7 11. f5 Nc5 12. Bg5 Be7 13. Kh1 b5 14. a3 a5 15.
Nd1 Ba6 16. Nf2 Rfd8 17. Rad1 h6 18. Bxf6 Bxf6 19. Ng4 Nxd3 20. Nxf6+ gxf6 21.
cxd3 b4 22. axb4 axb4 23. Qe3 Kh7 24. Ne1 Qe7 25. Rf3 c5 26. Rh3 Qf8 27. g4 Bb7
28. Nf3 c4 29. g5 Rxd3 30. Rxd3 cxd3 31. Rxh6+ Qxh6 32. gxh6 Ra1+ 33. Kg2 1-0

[Event "VIII Festival Hotel Petra A"]
[Site "Roma ITA"]
[Date "2007.11.01"]
[Round "5"]
[White "Passerotti, Pierluigi"]
[Black "D'Andrea, Stefano"]
[Result "1-0"]
[WhiteElo "2320"]
[BlackElo "2105"]
[PlyCount "53"]
[EventDate "2007.10.29"]

1. d4 Nf6 2. c4 c5 3. Nf3 cxd4 4. Nxd4 e5 5. Nb5 Bc5 6. Nd6+ Kf8 7. Nxc8 Qxc8
8. Nc3 Bb4 9. Qb3 Nc6 10. Bd2 g6 11. Rc1 Kg7 12. g3 h5 13. Bg2 Bc5 14. Nd5 Nd4
15. Qd3 a5 16. Nxf6 Kxf6 17. e3 Nc6 18. O-O d6 19. h4 Kg7 20. Kh2 Qe6 21. a3 a4
22. Bc3 Rhf8 23. f4 f5 24. Bd5 Qe7 25. Rce1 Kh7 26. e4 g5 27. exf5 1-0

[Event "VIII Festival Hotel Petra A"]
[Site "Roma ITA"]
[Date "2007.11.01"]
[Round "5"]
[White "Quimi, Marco"]
[Black "Calavalle, Giulio"]
[Result "1/2-1/2"]
[WhiteElo "2270"]
[BlackElo "2238"]
[PlyCount "133"]
[EventDate "2007.10.29"]

1. d4 c5 2. e3 d5 3. Nf3 cxd4 4. exd4 Nf6 5. Bd3 Bg4 6. O-O e6 7. Nbd2 Bd6 8.
c3 Nbd7 9. Re1 Qc7 10. Qb3 O-O 11. h3 Bh5 12. g4 Bg6 13. Bxg6 hxg6 14. Nf1 Ne4
15. Ng5 Nxg5 16. Bxg5 b6 17. Rad1 Rae8 18. Bh4 Bf4 19. Kg2 g5 20. Bg3 g6 21. f3
Kg7 22. Bxf4 Qxf4 23. Qc2 f5 24. Qd2 fxg4 25. Qxf4 gxh3+ 26. Kxh3 gxf4 27. Nh2
Rh8+ 28. Kg2 Nf6 29. Re5 Rh5 30. Rde1 Rxe5 31. Rxe5 Nd7 32. Re2 e5 33. dxe5
Rxe5 34. Rd2 Nf6 35. Kf2 Kf7 36. Rd4 g5 37. a4 Re8 38. Nf1 Rc8 39. Rb4 Nd7 40.
Rd4 Ke6 41. Nd2 Ne5 42. a5 b5 43. Nb3 Nc4 44. Rd1 Nxb2 45. Nd4+ Ke5 46. Re1+
Kd6 47. Rb1 Nc4 48. Nxb5+ Kc5 49. Nxa7 Rc7 50. Nb5 Rb7 51. Na3 Rxb1 52. Nxb1
Nxa5 53. Nd2 Kd6 54. Ke2 Ke6 55. Kd3 Ke5 56. Ke2 Nc4 57. Nb3 Nd6 58. Nd4 Nf5
59. Nc6+ Kd6 60. Nd8 Ke7 61. Nc6+ Kf6 62. Nb4 Ne3 63. Nc6 g4 64. fxg4 Nxg4 65.
Nb4 Ne3 66. Kf3 Kf5 67. Nd3 1/2-1/2

[Event "VIII Festival Hotel Petra A"]
[Site "Roma ITA"]
[Date "2007.11.01"]
[Round "5"]
[White "Rossi, Aldo A."]
[Black "Tribuiani, Renato"]
[Result "1-0"]
[WhiteElo "2204"]
[BlackElo "2096"]
[PlyCount "70"]
[EventDate "2007.10.29"]

1. d4 d5 2. Bf4 Nf6 3. e3 e6 4. Nd2 Be7 5. Bd3 Nbd7 6. Ngf3 O-O 7. Ne5 c5 8. c3
Qb6 9. Rb1 Re8 10. h4 Nf8 11. h5 N6d7 12. Qg4 Nxe5 13. dxe5 f5 14. Qh3 Qd8 15.
Nf3 Qd7 16. g4 Bd8 17. Rg1 Kh8 18. Qg3 Qf7 19. Ke2 b6 20. Rg2 a5 21. Rbg1 Ra7
22. Qh3 fxg4 23. Rxg4 Qg8 24. Bh6 Ree7 25. Bg5 c4 26. Bc2 Red7 27. Ba4 b5 28.
Bxb5 Rdb7 29. Bxd8 Rxb5 30. h6 Rxb2+ 31. Nd2 Ng6 32. hxg7+ Kxg7 33. Qh4 Kf8 34.
Bc7 Qf7 35. Qd8+ Kg7 1-0

[Event "VIII Festival Hotel Petra A"]
[Site "Roma ITA"]
[Date "2007.11.01"]
[Round "5"]
[White "Salvador, Roland"]
[Black "Lantini, Marco"]
[Result "1/2-1/2"]
[WhiteElo "2456"]
[BlackElo "2222"]
[PlyCount "160"]
[EventDate "2007.10.29"]

1. d4 Nf6 2. Nf3 e6 3. c4 b6 4. g3 Ba6 5. Qc2 Bb7 6. Bg2 Be7 7. Nc3 c5 8. d5
exd5 9. cxd5 O-O 10. O-O a6 11. e4 d6 12. e5 Nxd5 13. Nxd5 Bxd5 14. Rd1 Bxf3
15. Bxf3 Ra7 16. exd6 Bxd6 17. Bf4 Rd7 18. Bg4 Bxf4 19. Bxd7 Be5 20. Bf5 Qf6
21. Rab1 g6 22. Be4 Bd4 23. b4 cxb4 24. Rxb4 Bc5 25. Rb3 a5 26. h4 Na6 27. Rf3
Qe5 28. Qc4 Nc7 29. Rd7 b5 30. Qd3 Ne6 31. Kg2 Nd4 32. Rd5 Nxf3 33. Rxe5 Ne1+
34. Kf1 Nxd3 35. Bxd3 Rc8 36. Bxb5 Rc7 37. Ba4 Kg7 38. Bb3 Bb4 39. Kg2 Kf6 40.
Rd5 Ke7 41. Rb5 h5 42. Kf3 Kf6 43. Kf4 Bd2+ 44. Ke4 Re7+ 45. Kf3 Bb4 46. Rb6+
Kg7 47. Rc6 Kf8 48. Rc2 Kg7 49. Rc8 Kf6 50. Bd5 Rd7 51. Bc4 Re7 52. Kg2 Re5 53.
Rc7 Re7 54. Rc6+ Kg7 55. f3 Re5 56. Rc7 Re7 57. Rc8 Re5 58. Bb3 f5 59. Kf2 Be1+
60. Kg2 Bb4 61. Rd8 Re2+ 62. Kf1 Re1+ 63. Kf2 Re7 64. Rg8+ Kh7 65. Rc8 Be1+ 66.
Kg2 Bb4 67. g4 hxg4 68. fxg4 Be1 69. gxf5 Bxh4 70. Rc5 Ra7 71. Rc4 Be7 72. Kf3
gxf5 73. Kf4 Bb4 74. Rc2 Rd7 75. Kxf5 Kg7 76. Rg2+ Kf8 77. Kf6 Rd6+ 78. Ke5 Ke7
79. Rg7+ Kd8 80. Rg8+ Kc7 1/2-1/2

[Event "VIII Festival Hotel Petra A"]
[Site "Roma ITA"]
[Date "2007.11.01"]
[Round "5"]
[White "Sibilio, Mario"]
[Black "Hunt, Adam C."]
[Result "1/2-1/2"]
[WhiteElo "2381"]
[BlackElo "2464"]
[PlyCount "31"]
[EventDate "2007.10.29"]

1. Nf3 Nf6 2. c4 g6 3. b3 Bg7 4. Bb2 O-O 5. g3 c6 6. Bg2 d5 7. O-O Bg4 8. d4
Nbd7 9. Nbd2 Qb6 10. Ne5 Nxe5 11. dxe5 Nd7 12. cxd5 cxd5 13. Bxd5 Nxe5 14. Nc4
Qf6 15. Nxe5 Qxe5 16. Bxb7 1/2-1/2

[Event "VIII Festival Hotel Petra A"]
[Site "Roma ITA"]
[Date "2007.11.01"]
[Round "5"]
[White "Tosoni, Augusto"]
[Black "Sbarra, Marco"]
[Result "1/2-1/2"]
[WhiteElo "2255"]
[BlackElo "2220"]
[PlyCount "109"]
[EventDate "2007.10.29"]

1. e4 e5 2. Nf3 Nc6 3. Bb5 a6 4. Ba4 Nf6 5. O-O b5 6. Bb3 Bc5 7. c3 d6 8. d4
Bb6 9. dxe5 Nxe5 10. Nxe5 dxe5 11. Qxd8+ Kxd8 12. Bxf7 Rf8 13. Bd5 Nxd5 14.
exd5 Bb7 15. Bg5+ Kd7 16. Na3 Rf5 17. Be3 Bxe3 18. fxe3 Rxf1+ 19. Rxf1 Bxd5 20.
b3 Ke6 21. Rd1 Be4 22. Rd2 c5 23. c4 b4 24. Nc2 a5 25. Ne1 a4 26. Nd3 Bxd3 27.
Rxd3 axb3 28. axb3 Kf5 29. Rd5 Ke4 30. Rxc5 Kd3 31. Rxe5 Kc3 32. c5 Rc8 33. Re7
g5 34. Rxh7 Kxb3 35. Rb7 Kc3 36. Kf2 b3 37. Kf3 Rxc5 38. e4 Kc2 39. Kg4 b2 40.
g3 b1=Q 41. Rxb1 Kxb1 42. h4 gxh4 43. gxh4 Kc2 44. h5 Kd3 45. h6 Kxe4 46. h7
Rc1 47. Kg5 Rh1 48. Kg6 Ke5 49. Kg7 Rg1+ 50. Kf7 Rh1 51. Kg7 Rg1+ 52. Kf8 Rh1
53. Kg8 Kf6 54. h8=R Rxh8+ 55. Kxh8 1/2-1/2

[Event "VIII Festival Hotel Petra A"]
[Site "Roma ITA"]
[Date "2007.11.02"]
[Round "6"]
[White "Barlocco, Carlo"]
[Black "Stips, Felix"]
[Result "0-1"]
[WhiteElo "2134"]
[BlackElo "2061"]
[PlyCount "28"]
[EventDate "2007.10.29"]

1. e4 c5 2. d3 Nc6 3. g3 d5 4. Nd2 Nf6 5. Bg2 e5 6. Ngf3 Be7 7. O-O O-O 8. exd5
Nxd5 9. Nc4 f6 10. a4 Be6 11. c3 Qd7 12. Re1 Nc7 13. Qe2 Rad8 14. Rd1 Bxc4 0-1

[Event "VIII Festival Hotel Petra A"]
[Site "Roma ITA"]
[Date "2007.11.02"]
[Round "6"]
[White "Burmakin, Vladimir"]
[Black "Sibilio, Mario"]
[Result "1-0"]
[WhiteElo "2593"]
[BlackElo "2381"]
[PlyCount "69"]
[EventDate "2007.10.29"]

1. d4 d6 2. g3 g6 3. Bg2 Bg7 4. e4 Nd7 5. Ne2 c5 6. O-O Ngf6 7. c3 O-O 8. h3
Rb8 9. Be3 b6 10. Re1 Bb7 11. Nd2 b5 12. d5 Nb6 13. Qc2 Nfd7 14. g4 Qc7 15.
Rab1 Rbe8 16. Rbd1 a6 17. Ng3 e6 18. dxe6 fxe6 19. f4 d5 20. e5 d4 21. cxd4
Bxg2 22. Kxg2 Nd5 23. Nde4 Nxf4+ 24. Bxf4 Rxf4 25. g5 c4 26. Qd2 Rff8 27. Nf6+
Bxf6 28. gxf6 Nb6 29. Ne4 Rd8 30. Qh6 Rf7 31. Ng5 Rdd7 32. Kg1 Qc6 33. Re3 Nd5
34. Rg3 c3 35. Nxh7 1-0

[Event "VIII Festival Hotel Petra A"]
[Site "Roma ITA"]
[Date "2007.11.02"]
[Round "6"]
[White "Calavalle, Giulio"]
[Black "Scalcione, Michelangelo"]
[Result "0-1"]
[WhiteElo "2238"]
[BlackElo "2357"]
[PlyCount "66"]
[EventDate "2007.10.29"]

1. e4 e5 2. Nc3 Nf6 3. Nge2 Bb4 4. a3 Ba5 5. g3 d6 6. Bg2 a6 7. O-O Nc6 8. h3
Bb6 9. Kh2 h5 10. Nd5 h4 11. Nxb6 hxg3+ 12. fxg3 cxb6 13. c3 Bg4 14. d3 Qd7 15.
h4 Nh5 16. Bf3 f6 17. Ng1 Bxf3 18. Qxf3 g5 19. Be3 Ne7 20. b4 O-O-O 21. g4 Nf4
22. h5 Neg6 23. Bxf4 exf4 24. d4 Rde8 25. Rae1 Rxh5+ 26. gxh5 g4 27. Qe2 Rh8
28. Qc4+ Kb8 29. Qd5 g3+ 30. Kh1 Qg4 31. Qxd6+ Ka7 32. Rf3 Rxh5+ 33. Kg2 Nh4+
0-1

[Event "VIII Festival Hotel Petra A"]
[Site "Roma ITA"]
[Date "2007.11.02"]
[Round "6"]
[White "Colombo, Paolo"]
[Black "Marta, Daniele"]
[Result "1-0"]
[WhiteElo "2147"]
[BlackElo "2073"]
[PlyCount "110"]
[EventDate "2007.10.29"]

1. Nf3 Nf6 2. d4 g6 3. c4 Bg7 4. Nc3 O-O 5. e4 d6 6. Be2 e5 7. O-O Nc6 8. d5
Ne7 9. Ne1 Nd7 10. Nd3 f5 11. Bd2 Nf6 12. f3 f4 13. g4 g5 14. h3 h5 15. Kf2
hxg4 16. hxg4 Kf7 17. Rh1 Rh8 18. c5 Bd7 19. Qb3 Qb8 20. Nxe5+ dxe5 21. d6+ Be6
22. Bc4 Qc8 23. Rxh8 Bxh8 24. dxe7 Bxc4 25. Qxc4+ Qe6 26. Qb5 Qxe7 27. Na4 c6
28. Qb3+ Kg6 29. Ba5 Qh7 30. Kg2 Qf7 31. Qc3 Re8 32. b3 Re7 33. Nb2 Qe6 34. Bd8
Rd7 35. Bxf6 Bxf6 36. Nc4 b6 37. cxb6 axb6 38. Nxb6 Rd4 39. Rc1 Qd6 40. Rc2 Qd8
41. Nc4 Qh8 42. Qe1 Rd7 43. Nd2 Rh7 44. Nf1 Qa8 45. Qc3 Rc7 46. Qc4 Qd8 47. Qe6
Qd3 48. Rd2 Qa6 49. a4 Re7 50. Qg8+ Rg7 51. Qe8+ Kh7 52. Kg1 Qb6+ 53. Kh1 Rg6
54. Qf7+ Bg7 55. Rh2+ Rh6 1-0

[Event "VIII Festival Hotel Petra A"]
[Site "Roma ITA"]
[Date "2007.11.02"]
[Round "6"]
[White "D'Andrea, Stefano"]
[Black "Andreoni, Giuseppe"]
[Result "1-0"]
[WhiteElo "2105"]
[BlackElo "2009"]
[PlyCount "107"]
[EventDate "2007.10.29"]

1. e4 Nf6 2. e5 Nd5 3. d4 d6 4. exd6 exd6 5. Nf3 Be7 6. c4 Nf6 7. Nc3 O-O 8.
Be2 d5 9. h3 a6 10. O-O dxc4 11. Bxc4 b5 12. Bb3 Bb7 13. Bf4 b4 14. Na4 Ne4 15.
Re1 Ng5 16. Ne5 Ne6 17. Nxf7 Qxd4 18. Rxe6 Qxf4 19. Rxe7 Nc6 20. Qh5 Rxf7 21.
Qxf7+ Qxf7 22. Rxf7 Na5 23. Rxc7+ Nxb3 24. axb3 Bd5 25. Rac1 Bxb3 26. Rc8+ Rxc8
27. Rxc8+ Kf7 28. Rc7+ Kg6 29. Rc6+ Kf5 30. Nc5 Bd5 31. Rxa6 Ke5 32. Nd3+ Kd4
33. Nxb4 Be4 34. f3 Bb1 35. Rc6 g5 36. Na6 Ke3 37. b4 Bd3 38. Nc7 Kf4 39. b5
Bxb5 40. Nxb5 h5 41. Rc4+ Kg3 42. Nc3 g4 43. Ne2+ Kh4 44. hxg4 hxg4 45. Rxg4+
Kh5 46. Kf2 Kh6 47. Kg3 Kh5 48. Kf4 Kh6 49. Rg3 Kh5 50. Kf5 Kh6 51. Nc3 Kh7 52.
Kf6 Kh8 53. Kf7 Kh7 54. Rh3# 1-0